NBA records - Statistics

General Stats
  • This quiz has been taken 1,104 times
  • The average score is 4 of 7
Answer Stats
Hint Answer % Correct
Most assists (career) John Stockton
90%
Most steals (career) John Stockton
90%
Most points (career) Kareem Abdul-Jabbar
87%
Most blocks (career) Hakeem Olajuwon
69%
Most rebounds (career) Wilt Chamberlain
54%
Youngest player ever Andrew Bynum
20%
Oldest player ever Nat Hickey
7%
No matching quizzes found
Score Distribution
Percent of People with Each Score
Percentile by Number Answered
Your Score History
You have not taken this quiz